000 00736nam a2200193Ii 4500
003 JO-AjNU
008 230605s9999||||xx |||||||||||||| ||und||
040 _aJO-AjNU
_bara
_erda
_cJO-AjNU
041 _aara
050 1 4 _a HQ1216 .K3545 1984
100 3 _aعبدالفتاح، كاميليا ابراهيم,
_eauthor
_936319
245 0 0 _aسيكولوجية المرأة العاملة
264 3 1 _aبيروت: دار النهضة العربية، 1984
300 _a325ص
_bيحتوي ملاحق و ببلوغرافية من ص 303-325ص
336 _atext
_btxt
_2rdacontent
337 _aunmediated
_bn
_2rdamedia
338 _avolume
_bnc
_2rdacarrier
650 4 _aعلم نفس المرأة - المرأة العاملة
_936320
999 _aA15078
_c18646
_d18646